000 00735nam a22002177a 4500
999 _c6401
_d6401
003 AR-CdUCM
008 190315b ||||| |||| 00| 0 spa d
040 _aMUNICIPALIDAD PROVINCIAL DEL CUSCO
_cBIBLIOTECA MUNICIPAL DEL CUSCO
082 _a030 /
_bG79
100 _aLos mejores libros de la literatura española.
_918209
245 _aEl Lazarillo de Tormes /
300 _a128 páginas ;
_c17 cm.
440 _aColección gratuita con la revista Gente (Lima-Perú) por su 3º aniversario.
_n10
_918210
505 _aContenido: Lazarillo de Tormes.
650 _aLiteratura española
_9362
650 _aColección
_92826
650 _aSiglo XX
_98
700 _aBanco de la Nación
_918155
942 _2ddc
_cLIBROS
945 _adavv